TEXT BOOK OF PHARMACOGNOSY (Record no. 8063)

MARC details
000 -LEADER
fixed length control field 00470nam a22001817a 4500
005 - DATE AND TIME OF LATEST TRANSACTION
control field 20230110111100.0
008 - FIXED-LENGTH DATA ELEMENTS--GENERAL INFORMATION
fixed length control field 221216b |||||||| |||| 00| 0 eng d
020 ## - INTERNATIONAL STANDARD BOOK NUMBER
ISBN 81-239-0886-5
041 ## - LANGUAGE CODE
Language code of text/sound track or separate title eng
082 ## - DEWEY DECIMAL CLASSIFICATION NUMBER
Classification number 615.321 WAL-P
100 ## - MAIN ENTRY--AUTHOR NAME
Personal name WALLIS ,T .E
245 ## - TITLE STATEMENT
Title TEXT BOOK OF PHARMACOGNOSY
250 ## - EDITION STATEMENT
Edition statement 5th ed.
260 ## - PUBLICATION, DISTRIBUTION, ETC. (IMPRINT)
Place of publication NEW DELHI
Name of publisher CSB PUBLISHERS & DISTRIBUTORS
Year of publication 2005
300 ## - PHYSICAL DESCRIPTION
Number of Pages 652;P.
650 ## - SUBJECT ADDED ENTRY--TOPICAL TERM
Topical Term PHARMACY
General subdivision D.PHARMA
942 ## - ADDED ENTRY ELEMENTS (KOHA)
Koha item type Books
Holdings
Lost status Damaged status Collection code Home library Current library Shelving location Date acquired Source of acquisition Cost, normal purchase price Full call number Accession Number Koha item type
    PHARMACY JRU Library JRU Library SHELF-17-C 19/10/2022 LOHIA BOOK INTERNATIONAL 650.00 615.321-WAL-P 26930 Books
    PHARMACY JRU Library JRU Library Shelf - 25- C 19/10/2022 LOHIA BOOK INTERNATIONAL 650.00 615.321-WAL-P 26931 Books